[Event "FRA-chT U20 GpB 1213"]
[Site "France"]
[Date "2013.01.06"]
[Round "7"]
[White "Auvray, Honorine"]
[Black "Stili, Karim"]
[Result "1-0"]
[WhiteElo "1808"]
[BlackElo "1879"]
[PlyCount "139"]
[EventDate "2012.12.01"]
[EventType "team"]
[EventRounds "7"]
[EventCountry "FRA"]
[SourceTitle "EXT 2014"]
[Source "ChessBase"]
[SourceDate "2013.11.20"]
[SourceVersion "1"]
[SourceVersionDate "2013.11.20"]
[SourceQuality "1"]
[WhiteTeam "Agneaux Saint Lo (U20)"]
[BlackTeam "Villepinte (U20)"]
[WhiteTeamCountry "FRA"]
[BlackTeamCountry "FRA"]

1. e4 c5 2. Nf3 Nc6 3. d4 cxd4 4. Nxd4 Nf6 5. Nc3 e5 6. Ndb5 d6 7. Bg5 a6 8. Na3 b5 9. Nd5 Be7 10. Bxf6 Bxf6 11. c4 Bg5 12. Nc2 0-0 13. Bd3 f5 14. 0-0 Rb8 15. b3 Ne7 16. Nce3 Bxe3 17. Nxe3 f4 18. Nc2 f3 19. g3 Qe8 20. Re1 Qh5 21. Re3 Bg4 22. Kh1 Rf6 23. Qg1 Nc6 24. cxb5 axb5 25. Rd1 Rh6 26. Bf1 Ra8 27. Bxb5 Rxa2 28. Bxc6 Bh3 29. Ne1 Bg2+ 30. Nxg2 fxg2+ 31. Kxg2 Qh3+ 32. Kh1 Rf6 33. Rf1 Qg4 34. Bd5+ Kf8 35. f3 Qc8 36. Rf2 Ra7 37. Qe1 Qc5 38. Rc3 Qd4 39. Qd2 Qb6 40. Rf1 h6 41. Rfc1 g5 42. Qe3 Qxe3 43. Rxe3 Ke7 44. Rec3 Kd7 45. b4 Rf8 46. b5 Rb8 47. Rb3 Rc7 48. Rxc7+ Kxc7 49. Bc6 Kb6 50. Kg2 h5 51. Rd3 Rd8 52. Rd5 Kc7 53. Rd2 Rf8 54. Ra2 Kb6 55. Ra6+ Kc5 56. Ra7 g4 57. fxg4 hxg4 58. Rg7 d5 59. Bxd5 Kxb5 60. Rxg4 Kc5 61. h4 Kd4 62. Be6 Ke3 63. h5 Rf2+ 64. Kh3 Kf3 65. Kh4 Ke3 66. Bf5 Kd4 67. h6 Kc5 68. h7 Kd6 69. Kg5 Rh2 70. Rh4 1-0

[Event "Paris-ch op-C 87th"]
[Site "Paris"]
[Date "2012.07.11"]
[Round "5"]
[White "Le Bris, Louis"]
[Black "Stili, Karim"]
[Result "1/2-1/2"]
[WhiteElo "1824"]
[BlackElo "1858"]
[PlyCount "91"]
[EventDate "2012.07.07"]
[EventType "swiss"]
[EventRounds "9"]
[EventCountry "FRA"]
[SourceTitle "EXT 2014"]
[Source "ChessBase"]
[SourceDate "2013.11.20"]
[SourceVersion "1"]
[SourceVersionDate "2013.11.20"]
[SourceQuality "1"]

1. d4 e6 2. e4 c5 3. d5 exd5 4. exd5 d6 5. Bb5+ Bd7 6. Qe2+ Qe7 7. Bxd7+ Nxd7 8. c4 Ne5 9. Na3 Nd3+ 10. Kf1 Qxe2+ 11. Kxe2 Nxc1+ 12. Rxc1 g6 13. Kd3 Bg7 14. Re1+ Kd7 15. b3 Nh6 16. h3 Nf5 17. Nf3 Nd4 18. Nxd4 Bxd4 19. Re2 Rhe8 20. Rxe8 Rxe8 21. Nc2 Bg7 22. Re1 Rb8 23. Re2 a6 24. Na3 Bf6 25. f4 h6 26. Rc2 Bd4 27. Re2 Bf6 28. Rc2 Ke7 29. Re2+ Kd7 30. g3 Bg7 31. Rc2 Bf6 32. Re2 g5 33. f5 h5 34. Nc2 Be5 35. Rg2 b5 36. Ne3 b4 37. g4 h4 38. Re2 a5 39. Ke4 f6 40. Nd1 a4 41. Nb2 Bxb2 42. Rxb2 Ra8 43. Kf3 axb3 44. axb3 Re8 45. Re2 Rxe2 46. Kxe2 1/2-1/2

[Event "Paris-ch op-C 87th"]
[Site "Paris"]
[Date "2012.07.11"]
[Round "3"]
[White "Vernadet, Jacques"]
[Black "Stili, Karim"]
[Result "0-1"]
[WhiteElo "1758"]
[BlackElo "1858"]
[PlyCount "138"]
[EventDate "2012.07.07"]
[EventType "swiss"]
[EventRounds "9"]
[EventCountry "FRA"]
[SourceTitle "EXT 2014"]
[Source "ChessBase"]
[SourceDate "2013.11.20"]
[SourceVersion "1"]
[SourceVersionDate "2013.11.20"]
[SourceQuality "1"]

1. e4 c5 2. Nf3 Nc6 3. Be2 g6 4. c3 d5 5. exd5 Qxd5 6. d3 Bg7 7. 0-0 Nf6 8. Nbd2 0-0 9. Nc4 e5 10. Ne3 Qd6 11. Qa4 Nd5 12. Nxd5 Qxd5 13. Qh4 f5 14. Bg5 f4 15. Nd2 Bf5 16. d4 Kh8 17. Bc4 Qd6 18. d5 b5 19. dxc6 bxc4 20. Nxc4 Qxc6 21. Rfd1 Rab8 22. f3 e4 23. Rd6 Qa4 24. Nd2 Rxb2 25. Bf6 Rxf6 26. Rd8+ Rf8 27. Qe7 Kg8 28. fxe4 Bc8 29. Rxc8 Rxc8 30. Qe6+ Kf8 31. Qxc8+ Kf7 32. Qc7+ Kg8 33. Qd8+ Kf7 34. Qd5+ Ke8 35. Qg8+ Bf8 36. Nc4 Rb8 37. Ne5 Rb7 38. Qe6+ Kd8 39. Qd5+ Kc8 40. Rd1 Qe8 41. Nf7 Qd7 42. Qxd7+ Rxd7 43. Rxd7 Kxd7 44. Kf2 Bg7 45. c4 h6 46. e5 Ke6 47. Nd8+ Kxe5 48. Nc6+ Ke4 49. Ke2 g5 50. a4 g4 51. a5 f3+ 52. gxf3+ gxf3+ 53. Kf2 Bd4+ 54. Kf1 Kd3 55. a6 Kxc4 56. Nxa7 Kd5 57. Nb5 Kc6 58. Nxd4+ cxd4 59. Kf2 Kb6 60. a7 Kxa7 61. Kxf3 Kb6 62. Ke4 Kc5 63. Kd3 Kd5 64. h3 h5 65. h4 Ke5 66. Kd2 Kf4 67. Kd3 Kg4 68. Kxd4 Kxh4 69. Ke3 Kg3 0-1

[Event "FRA-chT U20"]
[Site "France"]
[Date "2012.05.28"]
[Round "?"]
[White "Stili, Karim"]
[Black "Rodriguez, Adrien"]
[Result "1/2-1/2"]
[WhiteElo "1841"]
[BlackElo "1987"]
[PlyCount "104"]
[EventDate "2012.05.26"]
[EventType "team-swiss"]
[EventRounds "9"]
[EventCountry "FRA"]
[SourceTitle "EXT 2014"]
[Source "ChessBase"]
[SourceDate "2013.11.20"]
[SourceVersion "1"]
[SourceVersionDate "2013.11.20"]
[SourceQuality "1"]

1. e4 c5 2. Nf3 d6 3. d3 Nc6 4. h3 g6 5. g3 Bg7 6. c3 e5 7. Bg2 Nge7 8. 0-0 0-0 9. Na3 a6 10. Re1 b5 11. Nc2 f5 12. Bg5 h6 13. Bxe7 Nxe7 14. exf5 Bxf5 15. Nh4 Bd7 16. d4 Ra7 17. dxc5 dxc5 18. Qd6 g5 19. Nf3 Bf5 20. Qxd8 Rxd8 21. Ne3 Bh7 22. Nf1 Ng6 23. N1d2 Nf8 24. Ne4 Ne6 25. a4 b4 26. Bf1 Bxe4 27. Rxe4 bxc3 28. bxc3 Nf8 29. Nxe5 Re7 30. Nc6 Rxe4 31. Nxd8 Bxc3 32. Rc1 Bf6 33. Nb7 Rxa4 34. Nxc5 Ra1 35. Rxa1 Bxa1 36. Bxa6 Kg7 37. Kg2 Bd4 38. Ne4 Nd7 39. Nd6 Kf6 40. Bc4 Nc5 41. Kf3 Be5 42. Nf7 h5 43. Nd8 Bc7 44. Nc6 Bb6 45. Nb4 Kf5 46. Bf7 g4+ 47. Kg2 gxh3+ 48. Kxh3 Ne4 49. f4 Bf2 50. Nd5 Bxg3 51. Bxh5 Bxf4 52. Nxf4 Kxf4 1/2-1/2

[Event "FRA-chT U20 1112"]
[Site "France"]
[Date "2011.12.18"]
[Round "5.2"]
[White "Stili, Karim"]
[Black "Appriou, Tanguy"]
[Result "1-0"]
[WhiteElo "1819"]
[BlackElo "1605"]
[PlyCount "147"]
[EventDate "2011.12.03"]
[EventType "team-swiss"]
[EventRounds "7"]
[EventCountry "FRA"]
[SourceTitle "EXT 2013"]
[Source "ChessBase"]
[SourceDate "2012.11.22"]
[SourceVersion "1"]
[SourceVersionDate "2012.11.22"]
[SourceQuality "1"]

1. e4 e5 2. d4 exd4 3. Qxd4 Nc6 4. Qe3 Nf6 5. Bd2 b6 6. Nc3 Bc5 7. Qg3 Nd4 8. 0-0-0 Ne6 9. e5 Ng8 10. Bc4 Qe7 11. Nd5 Qf8 12. f4 Ne7 13. Nxe7 Bxe7 14. f5 Nc5 15. f6 gxf6 16. exf6 Bxf6 17. Qf3 Bb7 18. Qxf6 Bxg2 19. Bxf7+ Qxf7 20. Qxh8+ Qf8 21. Qxf8+ Kxf8 22. Ne2 Bxh1 23. Rxh1 Re8 24. Rf1+ Kg7 25. Ng3 c6 26. Bc3+ Kg6 27. h4 Re6 28. Rf8 h6 29. Rf5 Ne4 30. h5+ Kh7 31. Nxe4 Rxe4 32. Rf7+ Kg8 33. Rxd7 Rh4 34. Rxa7 Rxh5 35. Rd7 b5 36. a3 c5 37. Rb7 c4 38. Rc7 Rf5 39. a4 bxa4 40. Rxc4 Rf1+ 41. Kd2 Ra1 42. Rc7 h5 43. Re7 Rg1 44. Re8+ Kf7 45. Ra8 Rg4 46. Kd3 h4 47. Be1 Kg7 48. Bc3+ Kf7 49. Rh8 Rg3+ 50. Kc4 Rg4+ 51. Kb5 Ke6 52. Be1 Rg2 53. Kxa4 Rxc2 54. Kb3 Rc5 55. Rxh4 Kd7 56. Rc4 Rb5+ 57. Bb4 Rd5 58. Ka4 Rh5 59. Bc3 Rh1 60. b4 Rh2 61. b5 Ra2+ 62. Kb4 Ra8 63. b6 Kd6 64. Kb5 Kd5 65. Bb4 Rb8 66. Rc2 Ke6 67. Rd2 Rc8 68. b7 Rh8 69. Kb6 Rg8 70. Ka7 Kf5 71. b8Q Rg7+ 72. Kb6 Ke4 73. Qe8+ Kf3 74. Qf8+ 1-0